| 000 | 01301nam0a2200361 4500 | ||
|---|---|---|---|
| 001 | RU\NLR\BIBL_A\010363632 | ||
| 005 | 20250614042906.0 | ||
| 010 |
_a978-5-389-05965-8 _93000 |
||
| 021 |
_aRU _b2014-25294 _91568 |
||
| 035 | _a(NILC)RuMoRGB-006767976 | ||
| 035 | _a(NLR Aleph) 010363632 | ||
| 090 |
_a9587147 _c9587147 |
||
| 100 | _a20140602d2014 |||y0rusy50 ca | ||
| 101 | 1 |
_arus _ceng |
|
| 102 | _aRU | ||
| 105 | _ay|||z||||00ay | ||
| 200 | 1 |
_aТайна замка Роксфорд-Холл _e[роман] _fДжон Харвуд _g[пер. с англ. И. Бессмертной] |
|
| 210 |
_aСанкт-Петербург _cАзбука _d2014 |
||
| 215 |
_a380, [3] с. _d22 |
||
| 225 | 1 | _aThe big book | |
| 300 | _aРанее роман издавался под названием "Сеанс" | ||
| 451 | 0 |
_12001#$aСеанс$eроман _tСеанс |
|
| 675 | _a821.111(94)-31 | ||
| 686 | 1 | _aШ6(82)67-4(Лх3018-50) | |
| 700 | 1 |
_7ca _8rus _aХарвуд _bД. _cпоэт, писатель _f1946- _gДжон _9147240 _3RU\NLR\AUTH\770147276 |
|
| 801 | 0 |
_aRU _bRuMoRKP _c20131031 _gRCR |
|
| 801 | 2 |
_aRU _bРГБ _c20140401 _grcr |
|
| 801 | 1 |
_aRU _bRuMoRKP _c20131031 _2rusmarc |
|
| 942 | _cBOOK | ||
| 980 | _aNB | ||